[Event "Tver Region-ch Rapid (Women)"]
[Site "Kimry"]
[Date "2017.12.09"]
[Round "3.1"]
[White "Neunyvalova, Ekaterina"]
[Black "Bykova, Natalia"]
[Result "0-1"]
[WhiteElo "1471"]
[BlackElo "1765"]
[PlyCount "70"]
[EventDate "2017.12.08"]
[EventType "swiss (rapid)"]
[EventRounds "7"]
[EventCountry "RUS"]
[SourceTitle "EXT 2022"]
[Source "ChessBase"]
[SourceDate "2021.10.06"]
[SourceVersion "1"]
[SourceVersionDate "2021.10.06"]
[SourceQuality "1"]

1. d4 e6 2. e4 d5 3. e5 c5 4. c3 Nc6 5. Nf3 Bd7 6. Bg5 Qb6 7. b3 cxd4 8. cxd4 Bb4+ 9. Bd2 Nxd4 10. Bxb4 Qxb4+ 11. Nbd2 Nxf3+ 12. Qxf3 Qd4 13. Rc1 Qxe5+ 14. Be2 Nf6 15. 0-0 Qb2 16. Nb1 0-0 17. a4 Rac8 18. Rcd1 Qe5 19. Rfe1 Qg5 20. Rd4 e5 21. h4 Qf5 22. Qxf5 Bxf5 23. Rd2 Rc7 24. f3 d4 25. g4 Be6 26. g5 Nd7 27. b4 a6 28. a5 Rfc8 29. Bd3 f6 30. gxf6 gxf6 31. Rg2+ Kh8 32. Kh2 Nb8 33. f4 Bd5 34. Rg3 Rc6 35. Re2 h6 0-1

[Event "Tver Region-ch Rapid (Women)"]
[Site "Kimry"]
[Date "2017.12.09"]
[Round "5.4"]
[White "Neunyvalova, Ekaterina"]
[Black "Lebedeva, Polina"]
[Result "1-0"]
[WhiteElo "1471"]
[BlackElo "1302"]
[PlyCount "47"]
[EventDate "2017.12.08"]
[EventType "swiss (rapid)"]
[EventRounds "7"]
[EventCountry "RUS"]
[SourceTitle "EXT 2022"]
[Source "ChessBase"]
[SourceDate "2021.10.06"]
[SourceVersion "1"]
[SourceVersionDate "2021.10.06"]
[SourceQuality "1"]

1. d4 d5 2. c4 dxc4 3. e4 e5 4. d5 Nf6 5. Nc3 Bb4 6. Bg5 Bxc3+ 7. bxc3 h6 8. Bxf6 Qxf6 9. Bxc4 0-0 10. Nf3 Nd7 11. 0-0 Nc5 12. Re1 Na4 13. Qxa4 Qg6 14. Nxe5 Qg5 15. Nf3 Qg6 16. Qb3 Bh3 17. g3 Qf6 18. Re3 Bg4 19. e5 Qf5 20. Bd3 Qd7 21. Qxb7 a5 22. d6 Rab8 23. Qe4 cxd6 24. Qh7# 1-0

[Event "Tver Region-ch Rapid (Women)"]
[Site "Kimry"]
[Date "2017.12.08"]
[Round "2.3"]
[White "Kazantseva, Natalia"]
[Black "Neunyvalova, Ekaterina"]
[Result "0-1"]
[WhiteElo "1475"]
[BlackElo "1471"]
[PlyCount "46"]
[EventDate "2017.12.08"]
[EventType "swiss (rapid)"]
[EventRounds "7"]
[EventCountry "RUS"]
[SourceTitle "EXT 2022"]
[Source "ChessBase"]
[SourceDate "2021.10.06"]
[SourceVersion "1"]
[SourceVersionDate "2021.10.06"]
[SourceQuality "1"]

1. e4 e6 2. d4 d5 3. e5 c5 4. c3 Qb6 5. Nf3 Nc6 6. Be3 Qxb2 7. Nbd2 Qxc3 8. Be2 cxd4 9. Rc1 Qb2 10. Rc2 Qb4 11. Bf4 Bc5 12. 0-0 b6 13. Nb3 d3 14. Bxd3 Qxf4 15. Bb5 Nge7 16. Nxc5 bxc5 17. Rxc5 Bb7 18. Nd4 Rc8 19. Qa4 0-0 20. Nxc6 Qxa4 21. Nxe7+ Kh8 22. Bxa4 Rxc5 23. Bb3 Re8 0-1